000 00230nmm a2200085Ia 4500
008 220120s9999||||xx |||||||||||||||||und||
100 _aChip
245 0 _aRed hat multimedia mobile 5 free full games games demo
260 _aInfomedia18
999 _c139820
_d139820